00777nam a2200205 a 45000010005000000030005000050050017000100080041000270400020000681000022000882450118001102600049002283000011002774900027002886500047003156500052003626500042004146500060004566500055005162454CDMR20131210164845.0130130s1975||||||||||||||||||||||||||||d aCDMRbcatcCDMR1 aBagdikian, Ben H.14aLas máquinas de informaciónb: su repercusión sobre los hombres y los medios informativoscBen H. Bagdikian aMéxicoc1975bFondo de Cultura Económica a507 p.0 aCiencia y Tecnología04aComunicacióxInnovacions tecnològiques04aTecnologia de la informacióxAspectes socials04aTecnologiazPaïsos industrialitzats04aMitjans de comunicació de massaxAspectes econòmics04aMitjans de comunicació de massavEstadístiques